Conservación y uso sostenible de la biodiversidad : (Registro nro. 3983)
[ vista simple ]
| 000 -CABECERA | |
|---|---|
| Campo de control | 00856nam a2200217 a 4500 |
| 005 - FECHA Y HORA DE LA ULTIMA TRANSACCION | |
| Campo de control | 20161228144539.0 |
| 008 - ELEMENTOS DE LONGITUD FIJA—INFORMACION GENERAL | |
| Campo de control | 140313b2003 ck ||||| |||| 00| 0 spa d |
| 040 ## - FUENTE DE CATALOGACIÓN | |
| Agencia catalogadora original | CO-BoIAVH |
| Agencia transcriptora | CO-BoIAVH |
| 041 0# - IDIOMA | |
| Código de idioma para texto/pista de sonido o título separado | Español |
| 044 ## - PAÍS DE PUBLICACIÓN | |
| País de publicación | Colombia |
| 090 ## - CLASIFICACIÓN LOCAL | |
| Colección | FH- |
| Consecutivo | 0056 |
| 100 1# - ASIENTO PRINCIPAL--NOMBRE PERSONAL | |
| Nombre personal | Constantino-Ch., Luis Miguel |
| Término relacionado | autor |
| 9 (RLIN) | 78119 |
| 245 00 - MENCION DE TITULO | |
| Título | Conservación y uso sostenible de la biodiversidad : |
| Parte restante del título | zoocria de mariposas ornamentales con comunidades rurales del alto Calima y bajo Anchicaya / |
| 246 14 - FORMA VARIANTE DEL TITULO | |
| Título propiamente dicho/forma breve del título | Zoocria de mariposas |
| 260 ## - PUBLICACION, DISTRIBUCION, ETC. (PIE DE IMPRENTA) | |
| Lugar de publicación, distribución, etc. | Buenaventura : |
| Nombre del editor, distribuidor, etc. | CVC : |
| -- | Instituto de Investigación de Recursos Biológicos Alexander von Humboldt, |
| Fecha de publicación, distribución, etc. | 2003? |
| 300 ## - DESCRIPCION FISICA | |
| Extensión | 13 páginas : |
| Otros detalles físicos | ilustraciones a color ; |
| Dimensiones | 21 x 16 cm. |
| 650 26 - ASIENTO SECUNDARIO DE MATERIA - TERMINO TEMATICO | |
| Término temático o nombre geográfico como elemento de entrada | Lepidoptera |
| 9 (RLIN) | 78120 |
| 650 24 - ASIENTO SECUNDARIO DE MATERIA - TERMINO TEMATICO | |
| Término temático o nombre geográfico como elemento de entrada | Mariposas |
| Subdivisión general | Aspectos biológicos |
| 9 (RLIN) | 78121 |
| 650 24 - ASIENTO SECUNDARIO DE MATERIA - TERMINO TEMATICO | |
| Término temático o nombre geográfico como elemento de entrada | Mariposas |
| Subdivisión general | conservación |
| 9 (RLIN) | 78122 |
| 942 ## - ELEMENTOS ADICIONALES (KOHA) | |
| Tipo de ítem | Folleto |
| Sistema de clasificación | Local |
| Withdrawn status | Lost status | Sistema de Clasificación | Damaged status | No para préstamo | Colección | Ubicación Permanente | Ubicación actual | Fecha de adquisición | Total Checkouts | Número topográfico | Inventario / Código de Barras | Date last seen | Ejemplar | Price effective from | Forma de adquisición | Tipo de material |
|---|---|---|---|---|---|---|---|---|---|---|---|---|---|---|---|---|
| Local | Hemeroteca | Bogotá | Bogotá | 02/07/2004 | FH-0056 | 015765 | 04/12/2012 | Ej. 2 | 04/12/2012 | Donación | Folleto | |||||
| Local | Hemeroteca | Bogotá | Bogotá | 02/07/2004 | FH-0056 | 015789 | 04/12/2012 | Ej. 1 | 04/12/2012 | Folleto |